[Event "Gibtelecom Masters 8th"]
[Site "Gibraltar"]
[Date "2010.02.04"]
[Round "10.94"]
[White "Kympergr, Vojtech"]
[Black "Andersen, Niels Erik"]
[Result "0-1"]
[WhiteElo "1599"]
[BlackElo "1965"]
[PlyCount "118"]
[EventDate "2010.01.26"]
[EventType "swiss"]
[EventRounds "10"]
[EventCountry "GGB"]
[SourceDate "2005.02.07"]

1. e4 c5 2. Nf3 d6 3. Bb5+ Bd7 4. Bxd7+ Qxd7 5. d4 e6 6. dxc5 dxc5 7. Qxd7+
Nxd7 8. Bf4 Ngf6 9. Nc3 a6 10. O-O Nh5 11. Be3 Be7 12. Rad1 h6 13. Rd2 Nb6 14b3 O-O 15. Rfd1 Rac8 16. Ne5 Bf6 17. f4 Bd8 18. Nd7 Nxd7 19. Rxd7 Ba5 20. Ne2
Nf6 21. Rxb7 Nxe4 22. Rdd7 Rfd8 23. Ng3 Rxd7 24. Rxd7 Nf6 25. Ra7 Rc6 26. Ra8+
Kh7 27. h3 Nd5 28. Bc1 c4 29. Bb2 cxb3 30. cxb3 Nxf4 31. Be5 Nd3 32. Bb8 Bb6+
33. Kf1 a5 34. Ra6 Nb4 35. Ra8 Rc1+ 36. Ke2 Rc2+ 37. Kf3 Rxa2 38. Bd6 Rf2+ 39Ke4 Rxg2 40. Rb8 f5+ 41. Ke5 Rxg3 42. Rxb6 Re3+ 43. Kd4 Rxb3 44. Kc4 Rxh3 45Be7 Re3 46. Bf8 Kg8 47. Rb8 Kf7 48. Ra8 Re4+ 49. Kb3 Nd5 50. Ka3 h5 51. Bd6 g5
52. Rf8+ Kg7 53. Ra8 h4 54. Rxa5 h3 55. Ra7+ Kg6 56. Bf8 Kh5 57. Rh7+ Kg4 58Bd6 Nf4 59. Bb4 Kg3 0-1

[Event "Gibtelecom Masters 8th"]
[Site "Gibraltar"]
[Date "2010.02.04"]
[Round "10.95"]
[White "Carlsen, Ingrid Oen"]
[Black "Webster, Richard J"]
[Result "1/2-1/2"]
[WhiteElo "1508"]
[BlackElo "1961"]
[PlyCount "64"]
[EventDate "2010.01.26"]
[EventType "swiss"]
[EventRounds "10"]
[EventCountry "GGB"]
[SourceDate "2005.02.07"]

1. e4 e6 2. d4 d5 3. Nc3 dxe4 4. Nxe4 Nd7 5. Nf3 Ngf6 6. Bd3 Nxe4 7. Bxe4 Nf6
8. Bd3 c5 9. c3 a6 10. Bg5 cxd4 11. Nxd4 Bc5 12. Nb3 Bd6 13. O-O e5 14. Re1 O-15. Nd2 Be7 16. Ne4 Nxe4 17. Bxe7 Qxe7 18. Bxe4 Rb8 19. Qc2 g6 20. Rad1 b5 21Rd2 Be6 22. a3 Rfd8 23. Red1 a5 24. a4 Rdc8 25. axb5 Rxb5 26. Bd5 Rcb8 27. Bxe6
Qxe6 28. Rd8+ Rxd8 29. Rxd8+ Kg7 30. Qe2 Qb6 31. Rd2 Qb8 32. g3 a4 1/2-1/2

[Event "Gibtelecom Masters 8th"]
[Site "Gibraltar"]
[Date "2010.02.04"]
[Round "10.98"]
[White "Young, Melvyn"]
[Black "Hirneise, Lothar"]
[Result "1-0"]
[WhiteElo "1717"]
[BlackElo "1707"]
[PlyCount "59"]
[EventDate "2010.01.26"]
[EventType "swiss"]
[EventRounds "10"]
[EventCountry "GGB"]
[SourceDate "2005.02.07"]

1. e4 d5 2. d4 dxe4 3. Nc3 Nf6 4. f3 exf3 5. Nxf3 Bg4 6. h3 Bh5 7. Be2 e6 8O-O Nc6 9. Be3 Bd6 10. a3 O-O 11. Qe1 a6 12. Qh4 Nd5 13. Qxh5 Nxe3 14. Ng5 h6
15. Nxf7 Qe8 16. Rf3 Rxf7 17. Rxe3 Nxd4 18. Bg4 Re7 19. Qxe8+ Raxe8 20. Re4 Bc5
21. Kh1 Nxc2 22. Rc1 Ne3 23. Bf3 Nf5 24. Ne2 b6 25. Bh5 Rd8 26. b4 Bd6 27. Rc3
c5 28. Bg6 Rdd7 29. g3 cxb4 30. Rc8+ 1-0

[Event "Gibtelecom Masters 8th"]
[Site "Gibraltar"]
[Date "2010.02.04"]
[Round "10.102"]
[White "Fox, Pierre"]
[Black "Kuenitz, Klaus"]
[Result "1-0"]
[WhiteElo "1788"]
[BlackElo "1755"]
[PlyCount "27"]
[EventDate "2010.01.26"]
[EventType "swiss"]
[EventRounds "10"]
[EventCountry "GGB"]
[SourceDate "2005.02.07"]

1. d4 f5 2. c4 g6 3. Nc3 Bg7 4. h4 Nf6 5. h5 Nxh5 6. Rxh5 gxh5 7. e4 O-O 8Qxh5 fxe4 9. Nxe4 d6 10. Nf3 Nc6 11. Bd3 Qe8 12. Nf6+ Rxf6 13. Qxe8+ Rf8 14Qh5 1-0

[Event "Gibtelecom Masters 8th Playoff"]
[Site "Gibraltar"]
[Date "2010.02.04"]
[Round "1.1"]
[White "Gustafsson, Jan"]
[Black "Adams, Michael"]
[Result "1-0"]
[WhiteElo "2627"]
[BlackElo "2694"]
[PlyCount "79"]
[EventDate "2010.02.04"]
[EventType "k.o. (rapid)"]
[EventRounds "2"]
[EventCountry "GGB"]
[SourceDate "2005.02.07"]

1. d4 Nf6 2. c4 e6 3. Nf3 d5 4. Nc3 Be7 5. Bf4 O-O 6. a3 b6 7. e3 c5 8. cxd5
Nxd5 9. Nxd5 exd5 10. Ne5 Bf5 11. Bb5 cxd4 12. Qxd4 a6 13. Bd3 Bc5 14. Qa4 Bxd3
15. Nxd3 d4 16. Nxc5 bxc5 17. O-O Qb6 18. exd4 cxd4 19. Rac1 Ra7 20. Rfd1 Rb7
21. Rc2 Rd8 22. Rxd4 Rbd7 23. Rxd7 Nxd7 24. h3 Nc5 25. Qc4 Ne6 26. Be3 Qb8 27Rc1 Qxb2 28. Qxa6 h5 29. a4 Nd4 30. Kh1 Nf5 31. Qb6 Qxb6 32. Bxb6 Ra8 33. a5
Nd6 34. Kg1 f6 35. Rc5 h4 36. Kf1 Kf7 37. Rc7+ Kg6 38. Ke2 Nb5 39. Rc4 Kf5 40Rc5+ 1-0

[Event "Gibtelecom Masters 8th Playoff"]
[Site "Gibraltar"]
[Date "2010.02.04"]
[Round "1.1"]
[White "Vallejo Pons, Francisco"]
[Black "Sandipan, Chanda"]
[Result "1-0"]
[WhiteElo "2705"]
[BlackElo "2622"]
[PlyCount "87"]
[EventDate "2010.02.04"]
[EventType "k.o. (rapid)"]
[EventRounds "2"]
[EventCountry "GGB"]
[SourceDate "2005.02.07"]

1. e4 c5 2. Nc3 d6 3. Nge2 Nf6 4. d4 cxd4 5. Nxd4 a6 6. Be3 e6 7. f3 b5 8. Qd2
Nbd7 9. g4 h6 10. a3 Bb7 11. O-O-O d5 12. exd5 Nxd5 13. Nxd5 Bxd5 14. Be2 Be7
15. Nf5 O-O 16. Nxe7+ Qxe7 17. g5 h5 18. Qb4 Qxb4 19. axb4 a5 20. Bxb5 axb4 21Bxd7 Rfd8 22. b3 Bxf3 23. Ba4 Bxd1 24. Rxd1 Rxd1+ 25. Kxd1 f6 26. g6 Rd8+ 27Ke2 Rd5 28. Bc6 Ra5 29. Bd2 Rc5 30. Bd7 e5 31. Be6+ Kh8 32. Bc4 e4 33. Bxb4 Rg5
34. Bd6 Rg2+ 35. Ke3 f5 36. b4 Rxc2 37. Be2 h4 38. b5 h3 39. b6 Rb2 40. Bc7
Rb3+ 41. Kf4 e3 42. Kxf5 Rb2 43. Ke4 Rb3 44. Kf3 1-0

[Event "Gibtelecom Masters 8th Playoff"]
[Site "Gibraltar"]
[Date "2010.02.04"]
[Round "1.2"]
[White "Adams, Michael"]
[Black "Gustafsson, Jan"]
[Result "1-0"]
[WhiteElo "2694"]
[BlackElo "2627"]
[PlyCount "133"]
[EventDate "2010.02.04"]
[EventType "k.o. (rapid)"]
[EventRounds "2"]
[EventCountry "GGB"]
[SourceDate "2005.02.07"]

1. e4 e5 2. Nf3 Nc6 3. Bb5 a6 4. Ba4 Nf6 5. O-O Be7 6. Re1 b5 7. Bb3 O-O 8. d4
Nxd4 9. Nxd4 exd4 10. e5 Ne8 11. c3 dxc3 12. Nxc3 d6 13. Qf3 Be6 14. Nd5 Bxd5
15. Bxd5 Rb8 16. e6 fxe6 17. Bxe6+ Kh8 18. Qh3 g6 19. Bd2 Bf6 20. Re4 Ng7 21Bd5 Qc8 22. Qb3 Qd7 23. Rc1 c5 24. Rce1 c4 25. Qg3 Qf5 26. Bc6 Bxb2 27. Bb4 Rb6
28. R4e2 Rxc6 29. Rxb2 Kg8 30. Rbe2 Rcc8 31. Qxd6 Rce8 32. h3 Rxe2 33. Rxe2 Re8
34. Rxe8+ Nxe8 35. Qe7 Qf7 36. Qe5 Ng7 37. Bc3 h5 38. f3 Qa7+ 39. Kh1 Kh7 40a3 Qd7 41. Kh2 Qf7 42. g4 Kg8 43. Kg2 hxg4 44. hxg4 Kh7 45. Qd6 Qe6 46. Qc7 Qg8
47. Qh2+ Nh5 48. gxh5 gxh5+ 49. Kf2 Qg6 50. Qc7+ Kg8 51. Qd8+ Kf7 52. Qd5+ Ke8
53. Qe5+ Kf7 54. Bb4 Qc2+ 55. Kg3 Qg6+ 56. Kh2 Kg8 57. Kh3 Qf7 58. Qg5+ Kh7 59f4 Qe6+ 60. Kh4 Qe3 61. Qxh5+ Kg8 62. Qd5+ Kh7 63. Qf5+ Kg8 64. Qg6+ Kh8 65Bd6 Qe1+ 66. Kg5 Qg3+ 67. Kf6 1-0

[Event "Gibtelecom Masters 8th Playoff"]
[Site "Gibraltar"]
[Date "2010.02.04"]
[Round "1.2"]
[White "Sandipan, Chanda"]
[Black "Vallejo Pons, Francisco"]
[Result "1/2-1/2"]
[WhiteElo "2622"]
[BlackElo "2622"]
[PlyCount "121"]
[EventDate "2010.02.04"]
[EventType "k.o. (rapid)"]
[EventRounds "2"]
[EventCountry "GGB"]
[SourceDate "2005.02.07"]

1. d4 Nf6 2. c4 e6 3. Nc3 Bb4 4. g3 O-O 5. Bg2 d5 6. Nf3 dxc4 7. O-O Nc6 8. a3
Be7 9. e4 Na5 10. Qe2 a6 11. Bf4 Re8 12. Rad1 b5 13. Ne5 Bb7 14. Be3 Nb3 15. g4
Nd7 16. f4 c5 17. dxc5 Nbxc5 18. Bxc5 Bxc5+ 19. Kh1 Bc8 20. Qd2 Qb6 21. Nxf7
Kxf7 22. f5 Kg8 23. e5 Nxe5 24. f6 Bb7 25. Qg5 Bxg2+ 26. Kxg2 Qb7+ 27. Kh3 Bf8
28. Qxe5 gxf6 29. Rxf6 Bg7 30. Ne4 Kh8 31. g5 Rad8 32. Nd6 Rxd6 33. Rxd6 Bxf6
34. Qxf6+ Qg7 35. Kg4 Rf8 36. Qxg7+ Kxg7 37. h4 Rf2 38. Kh5 e5 39. Rxa6 Rf4 40Rb6 Rf7 41. Rxb5 Re7 42. Rc5 e4 43. Rxc4 e3 44. Rc1 e2 45. Re1 Re4 46. a4 Rxa4
47. Rxe2 Rb4 48. Rh2 Rd4 49. b3 Rb4 50. Rh3 Kg8 51. g6 Kg7 52. gxh7 Kxh7 53Kg5 Kg7 54. Kf5 Kh6 55. Ke5 Kh5 56. Kd5 Kg4 57. Rh1 $4 Rxb3 58. h5 Rb5+ 59. Ke4
Rxh5 60. Rg1+ Kh3 61. Rh1+ 1/2-1/2

[Event "Gibtelecom Masters 8th Playoff"]
[Site "Gibraltar"]
[Date "2010.02.04"]
[Round "1.3"]
[White "Adams, Michael"]
[Black "Gustafsson, Jan"]
[Result "1-0"]
[WhiteElo "2694"]
[BlackElo "2627"]
[PlyCount "91"]
[EventDate "2010.02.04"]
[EventType "k.o. (rapid)"]
[EventRounds "2"]
[EventCountry "GGB"]
[SourceDate "2005.02.07"]

{Armageddon game - 6 mins v 5 mins} 1. e4 e5 2. Nf3 Nc6 3. Bb5 a6 4. Ba4 Nf6 5Qe2 b5 6. Bb3 Be7 7. O-O O-O 8. c3 d5 9. d3 Be6 10. Rd1 Re8 11. Nbd2 h6 12. Nf1
Bd6 13. Ng3 Ne7 14. d4 dxe4 15. Nxe5 Bxb3 16. axb3 Ng6 17. Nxg6 fxg6 18. c4 Qd7
19. Be3 Kh7 20. Nf1 c6 21. h3 Qf7 22. Rac1 Rab8 23. cxb5 cxb5 24. Rc6 Bf8 25Bf4 Qxb3 26. Bxb8 Rxb8 27. Rxa6 Nd5 28. Re1 Re8 29. Qg4 Nf6 30. Qe2 Qd5 31. Ne3
Qxd4 32. Qxb5 Re5 33. Qb3 Qd8 34. Rd1 Qe8 35. Qa4 Qc8 36. b4 Bxb4 37. Rxf6 gxf6
38. Qxb4 h5 39. Qd6 Kg7 40. Ra1 Qb7 41. Rc1 Re7 42. Nd5 Rf7 43. Rc7 Rxc7 44Nxc7 Qb2 45. Ne6+ Kf7 46. Qd7+ 1-0

[Event "Gibtelecom Masters 8th Playoff"]
[Site "Gibraltar"]
[Date "2010.02.04"]
[Round "2.1"]
[White "Adams, Michael"]
[Black "Vallejo Pons, Francisco"]
[Result "1-0"]
[WhiteElo "2694"]
[BlackElo "2705"]
[PlyCount "85"]
[EventDate "2010.02.04"]
[EventType "k.o. (rapid)"]
[EventRounds "2"]
[EventCountry "GGB"]
[SourceDate "2005.02.07"]

1. e4 e6 2. d4 d5 3. Nd2 c5 4. Ngf3 Nf6 5. e5 Nfd7 6. c3 Nc6 7. Bd3 Qb6 8. O-a5 9. a4 Be7 10. dxc5 Qc7 11. Nb3 Ndxe5 12. Nxe5 Qxe5 13. f4 Qc7 14. Be3 g6 15Qe1 Bd7 16. Kh1 h5 17. Nd4 Nxd4 18. Bxd4 O-O 19. f5 Bxc5 20. Bxc5 Qxc5 21. fxg6
Qe7 22. Qe5 f5 23. Bxf5 Qf6 24. Qc7 Qg7 25. Bd3 Bc6 26. Qd6 Rae8 27. h3 e5 28Bb5 Qe7 29. Rxf8+ Qxf8 30. Qc7 Qg7 31. Qxa5 Qxg6 32. Bxc6 Qxc6 33. Rd1 Kh8 34Rxd5 Rg8 35. Qb5 Qh6 36. Qe2 Qc1+ 37. Rd1 Qg5 38. a5 h4 39. Qe4 Rf8 40. Qxb7
Qf4 41. Qd5 e4 42. Re1 e3 43. Qd4+ 1-0

[Event "Gibtelecom Masters 8th Playoff"]
[Site "Gibraltar"]
[Date "2010.02.04"]
[Round "2.2"]
[White "Vallejo Pons, Francisco"]
[Black "Adams, Michael"]
[Result "1/2-1/2"]
[WhiteElo "2705"]
[BlackElo "2694"]
[PlyCount "102"]
[EventDate "2010.02.04"]
[EventType "k.o. (rapid)"]
[EventRounds "2"]
[EventCountry "GGB"]
[SourceDate "2005.02.07"]

1. e4 e5 2. Nf3 Nc6 3. Bb5 a6 4. Ba4 Nf6 5. O-O Be7 6. Re1 b5 7. Bb3 d6 8. c3
O-O 9. h3 Nb8 10. d4 Nbd7 11. Nbd2 Bb7 12. Bc2 Re8 13. Nf1 Bf8 14. Ng3 g6 15b3 Bg7 16. Bb2 d5 17. exd5 Nxd5 18. Be4 f5 19. Nxf5 gxf5 20. Bxf5 e4 21. Nd2 e3
22. Ne4 exf2+ 23. Nxf2 Qg5 24. Qf3 N5f6 25. h4 Rxe1+ 26. Rxe1 Qd2 27. Qe2 Qxe2
28. Rxe2 Nb6 29. Nd3 Re8 30. Rxe8+ Nxe8 31. Be6+ Kf8 32. Nc5 Nd6 33. Ba3 Ke8
34. Bg8 Bf6 35. h5 h6 36. Bc1 Bd5 37. Bh7 Bg7 38. Nxa6 Kd8 39. Nc5 Nd7 40. Nd3
Be4 41. Nf4 Bxh7 42. Ne6+ Ke7 43. Nxg7 Kf7 44. Bxh6 Nf6 45. d5 Nxd5 46. g4 Nxc3
47. Be3 Kxg7 48. Bd4+ Kh6 49. Be3+ Kg7 50. Bd4+ Kh6 51. Be3+ Kg7 1/2-1/2